Financial Accounting

Salvato in:
Dettagli Bibliografici
Autore principale: Meigs, Walter B.
Altri autori: Meigs, Robert F.
Natura: Libro
Lingua:inglese
Pubblicazione: New York MacGraw-Hill Book Co. 1986
Edizione:5. ed.
Soggetti:
Tags: Aggiungi Tag
Nessun Tag, puoi essere il primo ad aggiungerne!!

MARC

LEADER 00000nam a2200000 4500
001 c003731
005 20221220073451.4
020 |a 0-07-041631-1 
041 0 |a eng 
044 |a US 
245 1 0 |a Financial Accounting  |c Walter B. Meigs, Robert F. Meigs 
250 |a 5. ed. 
264 1 |a New York  |b MacGraw-Hill Book Co.  |c 1986 
300 |a 758 s. 
610 2 0 |a účtovníctvo 
610 2 0 |a financie 
610 2 0 |a obchod 
610 2 0 |a využitie počítačov 
610 2 0 |a dane 
610 2 0 |a organizácie obchodné 
610 2 0 |a kontrola vnútorná 
100 1 |a Meigs, Walter B. 
700 1 |a Meigs, Robert F.